| 000 | 00489nam a22001217a 4500 | ||
|---|---|---|---|
| 008 | 260423t1999 eng 000 0 eng | ||
| 100 | _qPaulus Godwin / Yusari hj Basiran / Alexander s.w.yan | ||
| 245 | _aFollow-uo survey for silica sand in the paitan area,northeastern Sabah,Sevent Malaysia plan Industrial Mineral Assessment Project Sabah (Rak E10) | ||
| 250 | _aSB/IM/99/1 | ||
| 260 |
_aKuala Lumpur _bJabatan Mineral & Geosains Malaysia _c1999 |
||
| 300 | _aill.60p.22.30 | ||
| 942 | _2ddc | ||
| 999 |
_c27222 _d27222 |
||